| 000 | 00347nam a2200145Ia 4500 | ||
|---|---|---|---|
| 008 | 230711s9999||||xx |||||||||||||| ||und|| | ||
| 041 | _aENG | ||
| 082 |
_a720 _bFR-N |
||
| 100 | _aFrank K.A | ||
| 245 | 0 | _aNew households new housing | |
| 250 | _a1st | ||
| 260 |
_c1989 _aNew York _bVan Nostrand Reinhold Co. |
||
| 650 | _aArchitecture | ||
| 942 | _cBK | ||
| 999 |
_c1241 _d1241 |
||